[Event "NED-ch 2005"]
[Site "Leeuwarden"]
[Date "2005.09.07"]
[Round "2"]
[White "Werle, Jan"]
[Black "Ernst, Sipke"]
[Result "1-0"]
[WhiteElo "2514"]
[BlackElo "2457"]
[Annotator "Huzman"]
[PlyCount "47"]
[EventDate "2005.09.06"]
[Source "ChessBase"]
[SourceDate "2006.01.31"]

1. Nf3 d5 2. d4 Nf6 3. c4 dxc4 4. e3 e6 5. Bxc4 a6 6. a4 c5 7. O-O Nc6 8. Qe2
Qc7 9. Rd1 Bd6 10. Nc3 O-O 11. h3 Re8 12. Bd2 Bd7 (12... cxd4 13. exd4 Bd7 14.
Rac1 Bf4 15. Bxf4 Qxf4 16. Ne5 Rad8 17. g3 Qh6 18. Qf1 Bc8 19. Nxc6 bxc6 20.
Be2 a5 21. Bf3 Bd7 22. Ne4 Nxe4 23. Bxe4 Rb8 24. Rc2 Rb4 $11 {
1/2-1/2 Manninen,M-Paavilainen,J/Finland 1993/EXT 98 (29)}) (12... h6 13. Rac1
b6 14. d5 Nb4 15. dxe6 Bxe6 16. Be1 Bxc4 17. Qxc4 Re6 18. Nb1 Nc6 19. Nc3 Qb7 {
1/2-1/2 Kharitonov,A-Drasko,M/Moscow 1988/CBM 09 (19)}) 13. Rac1 Rac8 (13...
Rad8 $5 14. dxc5 (14. Bd3 Nb4 15. Bb1 Bc6 $132) 14... Bxc5 15. Bd3 Ne5 16. Be4
$1 $14) 14. Bd3 Qb6 $6 (14... Nb4 $5 15. Bb1 Bc6 $11) 15. dxc5 Bxc5 16. Ne4 $14
Be7 (16... Nxe4 17. Bxe4 f5 18. Bc3 Rcd8 19. Bb1 $14) 17. Nxf6+ Bxf6 18. Bc3
Red8 $2 (18... Bxc3 19. Rxc3 Red8 20. Bb1 (20. Ng5 h6 21. Bh7+ Kf8 22. Ne4 Ne7
$11) (20. Bxh7+ Kxh7 21. Ng5+ Kg8 (21... Kg6 22. Qg4 f5 23. Qg3 Kf6 24. Rcd3
Qc7 25. Rd6 $40) 22. Qh5 Be8 $17) 20... Be8 21. Rdc1 f6 22. Be4 $14) 19. Bxf6
gxf6 20. Rc4 $1 $36 Nb4 $2 (20... h6 $142 21. Rg4+ Kf8 $16) 21. Bxh7+ $1 $18
Kxh7 (21... Kg7 22. Rg4+ Kf8 (22... Kh8 23. Ne5 $1 fxe5 24. Rh4 Kg7 25. Qg4+
Kf8 26. Qg8+ Ke7 27. Qg5+ Ke8 28. Bg6 $18) 23. a5 Qc5 (23... Qxa5 24. Qe1 $18)
24. Rgd4 Ke7 25. Qd2 Nd5 26. e4 $18) 22. Ne5 $1 Be8 (22... Kg7 23. Qg4+ Kf8 24.
Rxd7 $18) (22... fxe5 23. Qh5+ Kg7 24. Qg5+ Kf8 25. Rh4 $18) 23. Rh4+ Kg7 24.
Qg4+ (24. Qg4+ Kf8 25. Rh8+ Ke7 26. Rxe8+ $1 Rxe8 (26... Kxe8 27. Qg8+ Ke7 28.
Qxf7#) 27. Rd7+ Kf8 28. Rxf7#) 1-0

[Event "NED-ch 2005"]
[Site "Leeuwarden"]
[Date "2005.09.08"]
[Round "3"]
[White "Smeets, Jan"]
[Black "Van den Doel, Erik"]
[Result "1/2-1/2"]
[WhiteElo "2537"]
[BlackElo "2587"]
[Annotator "Postny"]
[PlyCount "62"]
[EventDate "2005.09.06"]
[Source "ChessBase"]
[SourceDate "2006.01.31"]

1. e4 e5 2. Nf3 Nc6 3. d4 exd4 4. Nxd4 Nf6 5. Nxc6 bxc6 6. e5 Qe7 7. Qe2 Nd5 8.
c4 Nb6 9. Nc3 Qe6 10. Qe4 Ba6 ({Solid alternative is} 10... d5 {
The move in the text leads to more complicated struggle.}) 11. b3 O-O-O (11...
Bb4 12. Bd2 Bxc3 13. Bxc3 d5 14. Qh4 $1 {
is the Kasparov's line where white has chances to seize initiative.}) 12. c5 (
12. Bb2 Re8 13. f4 f6 14. O-O-O fxe5 15. c5 Bxf1 16. cxb6 Ba6 17. Qa4 $1 {
A strong novelty, which turns the evaluation of the position from equal to
white's favour.} (17. bxa7 Kb7 18. Rhe1 d5 $2 (18... Bd6 {
This should be the most critical line.For instance:} 19. fxe5 Bxe5 20. Qb4+ (
20. Kb1 Kxa7 21. Nb5+ Bxb5 22. Bxe5 Kb7 $15) 20... Ka8 $1 (20... Kxa7 21. Nb5+
cxb5 22. Bxe5 $36) 21. Ne4 Bxb2+ 22. Kxb2 Qg4 $15) 19. Qxe5 {
The forthcoming endgame is unpleasant for black.} 19... Qxe5 20. fxe5 Bc5 $8 (
20... Kxa7 21. Na4 $16) 21. Na4 Bf2 22. Bd4 {Of course white should not
hesitate to sacrifice an exchange in this position...} 22... Bxe1 23. Rxe1 $14
{1/2-1/2 Morozevich,A (2742)-Khalifman,A (2688)/Wijk aan Zee 2002/CBM 87_01/
[Postny] (50)}) 17... Kb7 18. bxc7 {This is the idea of white's previous move.
Now the black squares near the black monarch are weak and will be a target for
white's pieces.} 18... d5 (18... exf4 19. Rhe1 Qf7 (19... Qxe1 $2 20. c8=Q+ $1
$18) 20. Ne4 {with a dangerous initiative.}) 19. Rhe1 Bd6 $6 (19... e4 $2 20.
Nxe4 $1 Bb5 (20... dxe4 21. Rd8 Kxc7 22. Rxe8 Qxe8 23. Qxa6 $18) 21. Qa5 $40) (
19... Bc5 $5) 20. fxe5 Bxc7 21. Qb4+ Bb6 (21... Ka8 22. Na4 Qh6+ 23. Kb1 Qxh2
24. Nc5 Bc8 25. Qa4 Bb7 26. Rc1 $40) 22. Na4 Qe7 23. Qxe7+ Rxe7 24. Ba3 Re6 25.
Nc5+ Bxc5 26. Bxc5 $16 {
1-0 Zelcic,R (2554)-Sermek,D (2590)/Solin/Spilt 2002/CBM 93_01/[Postny] (43)})
(12. f4 f6 13. c5 $6 Bxf1 14. cxb6 Ba6 15. bxa7 Kb7 16. b4 $2 {
This is already a serious mistake.} (16. Be3 d5 17. exd6 Qxe4 18. Nxe4 Re8 19.
Nc5+ Kxa7 20. Nxa6+ Kxa6 21. Kf2 cxd6 $11) 16... d5 $1 17. Qd4 (17. exd6 $2
Qxe4+ 18. Nxe4 Re8 $19) 17... fxe5 18. fxe5 Bd6 19. Bf4 Bxe5 20. Bxe5 Rhe8 21.
O-O-O Qxe5 22. Qxe5 Rxe5 $17 {
0-1 Kotsur,P (2576)-Pavasovic,D (2515)/Dubai 2001/CBM 83_01/[Postny] (43)})
12... Bxf1 13. cxb6 d5 14. exd6 $6 {Not the best continuation.} (14. Qf4 $6
Bxg2 15. bxa7 Kd7 $1 16. Rg1 Bd6 $1 17. Na4 $1 Qxe5+ 18. Qxe5 Bxe5 19. Bb2 Bxb2
20. Nxb2 Be4 $15 {Mikhalevski,V}) (14. bxa7 $5 Kb7 (14... dxe4 $5 15. a8=Q+ Kd7
16. Qa5 Bxg2 17. Bg5 $1 Rc8 $1 18. Rd1+ (18. O-O-O+ Ke8 19. Rhg1 Bf3 $13) 18...
Ke8 19. Rg1 (19. Qxc7 $2 f6 $1) 19... Bf3 $13) 15. Qf4 $1 (15. Qf3 $2 Bxg2 $1
16. Qxg2 Qxe5+ 17. Kd2 Bb4 18. Bb2 d4 $19) 15... Bxg2 16. Rg1 Bh3 $13 {
Mikhalevski,V}) 14... Qxe4+ 15. Nxe4 Bxg2 16. bxa7 Kb7 (16... Kd7 $2 17. Nc5+
Kxd6 18. Nb7+ $18) 17. Nc5+ Ka8 $1 (17... Kxa7 18. Be3 (18. Rg1 cxd6 (18...
Bxd6 $2 19. Be3) 19. Rxg2 dxc5) 18... Bxh1 19. Ne6+ Ka6 20. Nxd8 Bxd6 $1 (20...
cxd6 $143 21. Nxf7 $5 Rg8 22. Bf4 $1 d5 $140 (22... g5 $5) 23. Ke2 Be4 24. Rc1
Kb6 (24... Kb7 25. Nd8+) 25. Ne5 c5 26. Nd7+ Kb5 27. Bd2 $3 d4 28. a4+ Kc6 29.
Nxc5 $1 Bxc5 30. b4 d3+ 31. Ke1 $16) 21. Nxf7 Re8 22. Nxd6 cxd6 $11 23. O-O-O
Bd5 $11 {Mikhalevski,V}) 18. Rg1 Bd5 19. Be3 (19. dxc7 $2 Re8+ 20. Be3 Rxe3+ (
20... Bxc5 $2 21. c8=Q+ Rxc8 22. Bxc5 $16) 21. fxe3 Bxc5 22. Rxg7 Kxa7 (22...
Bxe3 23. Rxh7 Rc8 $17) 23. Rxh7 Re8 $17) 19... Bxd6 $1 {It's more important to
develop the bishop to an active position rather than to repair the pawn
structure.} (19... cxd6 20. Na4 $1 Be6 21. Nb6+ Kxa7 22. Nd7+ Kb7 23. Nxf8
Rhxf8 24. Rxg7 Rg8 $11 25. Rxg8 Rxg8 26. O-O-O $11) 20. h3 $1 $146 {This move w
as already pointed out by GM Mikhalevski 5 years ago, and now it finally
appears in a over the board game! On the other hand, the whole line is not so
sound for white.} (20. O-O-O $2 Bxh2 21. Rxg7 h5 22. Nd3 h4 23. Nf4 h3 24. Nxd5
$8 cxd5 $17 {0-1 Van der Wiel,J (2558)-Van den Doel,E (2522)/Rotterdam 2000/
CBM 077/[Mikhalevski,V] (37)}) 20... Bh2 $6 {Not the best reaction.} (20...
Rhe8 $1 {seems to be more troublesome for white. For example:} 21. Rc1 Bf3 22.
Kf1 (22. Rxg7 $4 Bxc5 23. Rxc5 Rd1#) 22... g6 $36) 21. Rg4 Bf3 22. Rxg7 Rd5 $5
{Van den Doel refrains from winning the exchange.} (22... Be5 23. Rg3 Bxa1 24.
Rxf3 f6 $15) 23. Rxf7 Bh5 24. Rd7 Bd6 {Threateting 25...Bxc5 26.Rxd5 Bb4+.} 25.
Kf1 $1 (25. Na6 Rg8 26. Kf1 Kb7 $17) (25. Rc1 Rg8 26. Kf1 Bg6 (26... Bh2 $2 27.
f4) 27. Ke2 Bxc5 28. Rxd5 Bxe3 29. Rxc6 Bb6 $15) 25... Rxc5 26. Bxc5 Bxc5 27.
Rc1 Bxa7 ({The last attempt for a win would have been:} 27... Bb6 $5 28. Rxc6
Bg6 {though, white should not be worse here thanks to active rooks.}) 28. Rxc7
Rf8 29. R1xc6 Rxf2+ 30. Ke1 Re2+ {
Black does not have anything more than a perpetual check.} 31. Kf1 Rf2+ 1/2-1/2

[Event "NED-ch 2005"]
[Site "Leeuwarden"]
[Date "2005.09.08"]
[Round "3"]
[White "Tiviakov, Sergei"]
[Black "L'Ami, Erwin"]
[Result "1/2-1/2"]
[WhiteElo "2678"]
[BlackElo "2519"]
[Annotator "Lukacs"]
[PlyCount "105"]
[EventDate "2005.09.06"]
[Source "ChessBase"]
[SourceDate "2006.01.31"]

1. e4 c6 2. d3 d5 3. Nd2 {
This quiet system contains more venom, than it looks like at first sight.} 3...
g6 (3... e5 {is the other main line.}) 4. g3 Bg7 5. Bg2 e5 6. Ngf3 Ne7 7. O-O
O-O 8. b4 $5 {Stein' recipe, White begins the fight for the dark squares on
the <<, and later Bb2 may also come.} (8. Re1) 8... a5 {
Black immediately wants to corrupt White's P structure.} (8... Na6 9. a3 Nc7 (
9... c5 10. c3 {leads to a very comfortable King's Indian Reversed for White.}
10... d4 11. Bb2 Bd7 12. Nc4 f6 13. cxd4 cxd4 14. Nd6 $14 {
McDonald-Adams, Plymouth 1989}) 10. Bb2 d4 (10... f6 11. Qe2 {
White wants to open up the position by d4.} (11. Nb3 b6 12. Re1 Be6 13. exd5
cxd5 14. Nfd2 {looks rather sophysticated, White gave up the [+].} 14... Qd7
15. c4 {1/2-1/2 Kasimdzhanov-Khenkin, Moscow 2001}) (11. Re1 d4 (11... b6 {
is already strongly met by the general idea of blowing up the [+] using} 12. d4
$1 f5 $1 {This is the best practical chance.} (12... dxe4 13. Rxe4 f5 {
is answered by the positional exchange sacrifice} 14. Rxe5 $1 Bxe5 15. Nxe5 Bb7
16. c4 $16 {Aronian-Khenkin, Germany 2002}) 13. exd5 e4 14. Ne5 cxd5 15. f3 Be6
$13) 12. Nc4 (12. c3 dxc3 13. Qb3+ Be6 14. Qxc3 Nb5 $15) 12... Bg4 13. c3 dxc3
14. Bxc3 Qd7 15. Qb3 Be6 $15 {Van der Weide-Ehlvest, Haarlem 1996}) 11... Be6 (
11... Bg4 12. h3 Bxf3 13. Nxf3 $14) (11... d4 12. c3 {
Here e2 is more useful than Re1, because >< d3 is protected.} 12... dxc3 13.
Bxc3 $14) 12. d4 $1 $14) 11. c3 Bg4 (11... dxc3 12. Bxc3 Qxd3 13. Bxe5 Nb5 14.
Bxg7 Kxg7 15. Qc1 $14) 12. cxd4 {was the clear-cut solution.} (12. Qc2 Ne6 13.
cxd4 Bxf3 (13... exd4 14. h3 Bxf3 15. Nxf3 $14) 14. Nxf3 Nxd4 (14... exd4 15.
Nd2 Qd7 16. f4 $16) 15. Nxd4 exd4 16. f4 $14 {Stein-Hartoch, Amsterdam 1969})
12... exd4 13. h3 $14 {and Black's P structure has some weaknesses ( ><d4).}) (
8... Qc7 9. Bb2 a5 10. bxa5 Rxa5 11. a4 h6 12. Re1 d4 13. c3 $14 {
Stein-Cobo Arteaga, La Habana 1968}) (8... Bg4 9. h3 Bxf3 10. Nxf3 Nd7 {
White has the ^^, in the long run it can be useful.} 11. a4 (11. c4 $5) 11...
Qc7 12. Qe2 a5 $10 {Balashov-Razuvaev, SU-ch 1972}) (8... Nd7 9. Bb2 b6 (9...
Qc7 10. Re1 d4 11. c3 $1 {
and Black cannot hold his stronghold on d4, this is Stein's main concept.}
11... dxc3 12. Bxc3 $16 {Stein-Golombek, Kecskemet 1968}) 10. Re1 d4 11. c3
dxc3 12. Bxc3 Ba6 13. Nb3 Qc7 14. d4 $16 {
and Black's [+] falls apart, Bronstein-Saidy, Tallinn 1973.}) (8... d4 9. Bb2 (
9. a4 $5) 9... a5 10. a3 (10. bxa5 Qxa5 11. Nc4 Qc7 12. c3 b5 13. Ncd2 c5 {
and Black holds his [+].}) 10... b6 11. Nc4 f6 {
(Spangenberg-Szmetan, Mar del Plata 1995)} 12. bxa5 bxa5 (12... b5 13. Nb6 Rxa5
14. Nxc8 Qxc8 15. c3 $14) 13. a4 $142 (13. c3 c5 14. a4 Be6 $1) 13... Be6 14.
Nfd2 Nd7 15. Ba3 $14 {with a good counterplay on the <<.}) 9. bxa5 Qxa5 (9...
Rxa5 10. Bb2 Nd7 (10... Qc7 11. Qe2 d4 12. c3 dxc3 (12... c5 13. Rfc1 $36) 13.
Bxc3 Ra4 14. Nc4 b5 15. Qc2 $1 $16 {Stein-Haag, Tallinn 1969}) (10... Bg4 11.
h3 Bxf3 12. Bxf3 dxe4 13. Bxe4 {Here the ^^ is of high importance.} 13... Ra7
14. Nb3 Qc8 15. Bg2 c5 16. Re1 $14 {Tiviakov-Zelcic, Istanbul 2003}) (10...
dxe4 11. dxe4 f6 12. a4 {/\ Nc4} (12. Nc4 Ra4) 12... Be6 13. Nb3 Ra7 14. Ba3 b6
15. a5 Bxb3 (15... bxa5 16. Qxd8 Rxd8 17. Bc5 $14) 16. cxb3 $14 {
White has a strong ^^ again, Szmetan-Rubinetti, Mar del Plata 1995.}) 11. Qe2
dxe4 12. dxe4 {giving up the [+] is already a big concession.} 12... Ra4 13.
Nc4 Qc7 14. Rfd1 $14 {Jo.Pribyl-Spiridinov, Brno 1975}) 10. Bb2 (10. a4 Qc7 11.
Bb2 d4 {- 10.Bb2} (11... b6 12. exd5 cxd5 13. Re1 Nec6 14. c4 d4 {
Now an interesting Benoni type of position has arisen.} 15. Ba3 Rd8 16. Qc2 $14
{Jo.Pribyl-J.Kozma, CZE 1977}) (11... Rd8 12. Qe2 (12. Qb1 c5 (12... d4 13. Ba3
(13. c3 c5 14. cxd4 cxd4 15. Nc4) 13... c5 14. Nc4) 13. exd5 Nxd5 14. Ne4 b6
15. Nfd2 Nc6 16. Nc3 Nxc3 17. Bxc3 Rb8 18. Re1 Nd4 19. Qd1 Ba6 20. Nf3 {
1/2-1/2 Conquest-Stohl, Germany 1999}) 12... d4 13. c3 c5 14. cxd4 (14. Rfc1
Nbc6) 14... cxd4 15. Nc4 Nec6 16. Ba3 Be6 17. Nfd2 {
with chances on both flanks.})) 10... d4 (10... Qc7 11. Qe2 $1 {
This prepares better against d4 than 11.Re1.} (11. Re1 d4 12. c3 dxc3 (12... c5
13. cxd4 exd4 (13... cxd4 14. a4 {/\ Nc4, Ba3}) 14. Qc2 (14. Rc1 $5) 14... Na6
15. a3 (15. Rec1 {Here White has no real chances on the <<.} 15... Nc6 16. Nb3
Bh6 17. Nfd2 b6 $15 {Stevic-Huzman, Istanbul 2003}) 15... Nc6 16. e5 $13) 13.
Bxc3 c5 14. Nc4 Nbc6 15. a4 (15. Qb3 Nd4) 15... Be6 16. Nfd2 Rfd8 $15 {
Ligterink-Stohl, Tilburg rapid 1992}) 11... d4 12. c3 dxc3 (12... c5 13. cxd4
cxd4 14. a4 Nbc6 15. Ba3 {White has again a nice counterplay on the <<.} 15...
Rd8 16. Rfb1 $1 $14 {Trapl-Javelle, corr 1987}) 13. Bxc3 c5 $1 {
Black has to fight against the freeing move d4.} (13... Ra4 14. Nc4 $14 {
Stein-Haag, Tallinn 1969}) 14. a4 Nbc6) (10... Nd7 11. a4 Qc7 12. Qe2 (12. Re1
{is usually met by} 12... d4 (12... Re8 {allows White to blow up the [+].} 13.
d4 $1 exd4 (13... dxe4 14. Nxe4 $14 {Ciocaltea-J.Kozma, Satu Mare 1977}) 14.
Bxd4 Bxd4 15. Nxd4 Ne5 16. Qb1 $14 {Ciocaltea-Jo.Santos, Malta ol 1980}) 13. c3
c5 14. cxd4 exd4 $1 $11 {Borkowski-Sapis, Legnica 1992}) 12... d4 13. c3 $14) (
10... Bg4 11. h3 $14) 11. a4 (11. Qc1 $6 {looks rather sophysticated.} 11...
Nd7 12. Nb3 Qa4 13. c3 c5 14. cxd4 cxd4 {Here a4, Nc4 is the best setup.} 15.
Nfd2 b6 16. f4 Ba6 $15 {Short-Miles, Wijk aan Zee 1987}) (11. Nc4 Qc7 12. a4 c5
13. Nfd2 Bh6 14. c3 {(Hartoch-Vukic, Banjaluka 1974)} 14... dxc3 $1 15. Bxc3
Nec6 $11 {/\ Rd8, Na6, Be6 Vukic}) 11... c5 (11... Qc7 12. c3 c5 (12... dxc3
13. Bxc3 c5 (13... b6 14. Nc4 Nd7 15. a5 (15. Qb3 $14) 15... b5 16. Nb6 $14 {
Nevednichy-Mateuta, Bucharest 1996}) 14. Nc4 Nec6 15. a5 {
gaining space on the <<.} (15. Qb3 Na6 16. Nb6 Ra7 17. Nxc8 Qxc8 $11 {
Yermolinsky-Tukmakov, Sverdlovsk 1987}) 15... Ra6 16. Nfd2 $14) 13. Nc4 {
- 11...c5} (13. cxd4 cxd4 14. Nc4 Nec6 15. Ba3 Re8 (15... Rd8 16. Bc5 $14) 16.
Bd6 Qd8 17. Nfd2 $14 {Jo.Pribyl-Filip, CZE 1974})) 12. Nc4 Qc7 13. c3 Be6 14.
Qb3 h6 {stopping Ng5, but losing precious time.} (14... Nbc6 $142 $5 15. Ng5
Bxc4 (15... Bg4 16. cxd4 Nxd4 17. Bxd4 cxd4 $13 {
Szmetan-Recoulat, Siembra Villaballesster op 1996}) 16. Qxc4 Na5 {
shows that Ng5 was not so nasty.}) 15. Rfc1 (15. Qb5 dxc3 (15... Nd7) 16. Bxc3
Nd7 17. Rfb1 Ra7 18. a5 $14 {
and White retains pressure on the <<, Gufeld-Bagirov, Goglidze mem 1974.})
15... dxc3 (15... Nbc6 16. Qb5 $1 {and >< c5 begins to tell.} 16... Na5 $5 17.
Nfxe5 Bxe5 18. Nxe5 Qxe5 (18... Nb3 19. Nc4 Nxc1 20. Rxc1 dxc3 21. Rxc3) 19.
cxd4) 16. Bxc3 Nd7 (16... Nbc6 17. Qb5 $14) (16... Nec6 17. Rab1 Ra7 18. Qb5
Na6 19. a5 Rd8 $13) 17. a5 Nc6 18. Qb5 (18. Rcb1 Ra7 19. Qb5 Bxc4 20. dxc4 Nd4
(20... Rfa8 21. Bh3) 21. Nxd4 cxd4 22. Bb4 Rd8 $13) 18... Bxc4 19. dxc4 (19.
Qxc4 Nxa5) 19... Nd4 {
Black gave up the active B, but created a stronghold on d4.} 20. Nxd4 cxd4 21.
Bb4 {The control of the c5 square is vital.} 21... Rfd8 22. c5 Bf8 (22... Ra6
23. Bf1 Bf8 {- 22...Bf8}) 23. Bf1 {activating the light-squared B.} 23... Rdc8
$2 (23... Ra6 24. Bc4 $36) 24. Bh3 $1 {using the pin on the h3-c8 /^.} 24...
Rd8 {#} 25. a6 $5 (25. c6 $1 {was the decisive breakthrough, for example:}
25... bxc6 26. Rxc6 Qb8 27. Qc4 $1 Bxb4 (27... Qxb4 28. Rxg6+ $18) 28. Rb1 Qa7
29. a6 Nc5 30. Rxb4 d3 31. Rxg6+ Kf8 32. Rgb6 $18) 25... bxa6 26. Qa4 $2 ({
Still} 26. Rxa6 $1 {gave good chances for White.} 26... Rxa6 (26... Rdb8 $2 {
is met by the brilliant} 27. Qxd7 $3 Qxd7 28. Rxa8 $1 Qb5 29. Rxb8 Qxb8 30. c6
$1 $18) (26... Rab8 27. Ba5 $18) 27. Qxa6 Rb8 (27... Re8 28. Kg2 Nb8 29. Qa8
Kg7 30. Bd2 Be7 31. c6 $1 $18) 28. Ba5 Nxc5 29. Bxc7 Nxa6 30. Bxb8 Nxb8 31. Bf1
$16) 26... Qa7 27. Bxd7 (27. c6 Nb6 $13) 27... Qxd7 28. Qxd7 (28. c6 Qg4 29. c7
Rdc8 30. Bxf8 Kxf8 $13) 28... Rxd7 29. c6 Rda7 {
and the _|_ is no better for White.} 30. Ba5 $5 (30. c7 $2 Bxb4 31. c8=Q+ Rxc8
32. Rxc8+ Kg7 33. Re8 Bc3 $17) (30. Bxf8 Kxf8 31. Ra5 $1 $11) 30... Rc8 $6 (
30... Bd6 31. Bb6 Re7 32. c7 Rc8 33. Rxa6 Bxc7 (33... d3 $11) 34. Ba5 d3 35.
Rac6 Rd7 36. Kf1 d2 37. Rd1 Kg7 38. Ke2 h5 39. Bxd2 (39. Rxd2 $4 Bxa5 $1) 39...
Rcd8 $11) 31. Bb6 $1 Raa8 32. Ra5 $1 Bb4 $2 (32... f6 33. Rd5 $44) 33. Rxe5 Bc3
(33... d3 $2 34. Rd5 d2 35. Rc4 a5 36. c7 $18) 34. c7 a5 35. Rd5 (35. Rc2 a4
36. Rd5 a3 37. Bxd4 Bxd4 38. Rxd4 Kf8 $11) 35... a4 36. Bxd4 (36. Rd8+ $1 Kg7
37. Rc2 a3 38. Ra2 Bb2 39. Kf1 Kf6 (39... d3 40. f4) 40. Ke2 Ke6 41. Kd3 $14)
36... Bxd4 37. Rxd4 a3 38. Rc2 (38. Rd2 a2) 38... Kf8 39. Rd1 Ke7 40. Ra1 Ra4
41. f3 Kd7 42. Rd1+ Ke7 43. g4 $6 (43. Ra1 Ra7 44. Rc3 a2 45. Rc2 Raxc7 46.
Rxc7+ Rxc7 47. Rxa2 h5 {is a theoretical draw 4 versus 3 on the same flank.})
43... Ra7 44. Ra1 Kd6 45. Rc3 Rcxc7 46. Raxa3 Rxa3 47. Rxa3 Ke5 $1 48. Kg2 Kf4
49. Ra2 Rc3 50. Ra7 Rc2+ 51. Kh3 Kxf3 52. Rxf7+ Kxe4 53. Rf6 1/2-1/2